Bosnian 2000s Music Quiz: Name the Artist - Statistics

General Stats
  • This quiz has been taken 44 times
  • The average score is 9 of 30
Answer Stats
Song Release Date Artist % Correct
Moj je život Švicarska 2000 Dino Merlin
88%
Prvi poljubac 2003 Halid Bešlić
75%
Kao domine 2001 Hari Mata Hari
67%
Kao moja mati 2006 Zdravko Čolić
63%
Karabaja 2001 Zabranjeno Pušenje
42%
Kad me Bebo ne voliš 2004 Al' Dino
33%
Sama 2006 Regina
33%
Hoću na tvoje rame 2005 Sejo Boy
33%
Ni zadnji, ni prvi 2000 Crvena Jabuka
29%
Strijela sudbine 2009 Eldin Huseinbegović
25%
Mjesto za dvoje 2005 Letu Štuke
25%
Dobrodošla tugo 2006 SMS
25%
Dva dana 2004 Alma Čardžić
21%
Moja Zulejha 2005 Burhan Šaban
21%
Nije mi lako 2005 Erato
21%
Bila je lijepa 2000 Macbeth
21%
Probudi me 2000 Seven Up
21%
Stara ljubav 2006 Amel Ćurić
17%
Vulkani 2009 Armin Muzaferija
17%
Pokora 2003 Boris Režak
17%
Dalila 2004 Dado Čaušević
17%
Luda ženo 2005 Elvira Rahić
17%
Ne pitaj me 2000 Emir & Frozen Camels
17%
Mi nismo isti 2003 Erogene Zone
17%
Haljina bijela 2006 Igor Vukojević
17%
Ako te nisam ljubio 2007 Kice
17%
Mir u tebi stanuje 2003 Knock Out
17%
Džemper 2007 Laka
17%
Baščaršijska 2003 Zlatan Fazlić Fazla
17%
Moja Evo 2001 Jasmin Mag & Alarm
13%
No matching quizzes found
Score Distribution
Percent of People with Each Score
Percentile by Number Answered
Your Score History
You have not taken this quiz